| 000 | 00384nam a2200145Ia 4500 | ||
|---|---|---|---|
| 008 | 150201s1997 xx 000 0 und d | ||
| 082 |
_a617.5 _bT1997C |
||
| 100 | _aCHRISTEN MA.G. | ||
| 245 | _aTOBACCO & YOUR ORAL HEALTH | ||
| 250 | _a1ST | ||
| 260 |
_bQUINTESSENCE PUBLICATION _aCHICAGO _c1997 |
||
| 300 | _aJan-32 | ||
| 650 | _aPREVENTIVE AND COMMUNITY DENTISTRY | ||
| 942 |
_2ddc _cBK |
||
| 999 |
_c4599 _d4599 |
||